000 00717nam a2200253Ia 4500
003 OSt
005 20220925235659.0
006 a|||||r|||| 00| 0
007 ta
008 220923b |||||||| |||| 00| 0 eng d
020 _a9788183563056
037 _cGeneral Book
040 _aRTL
_cRTL
_beng
041 _2eng
_aeng
082 _aX:54-77, P8
100 _aNARASAIAH M lakshmi
_9258086
245 0 _aInternational trade and economic growth
260 _a New Delhi
_bDiscovery Publishing
_c2008
300 _ax,172p
_ccm.
500 _aBibliography: P 165-168
650 _aINTERNATIONAL TRADE
942 _hX:54-77, P8
_cGB
_2CC
999 _c597687
_d597687